| 000 | 01184cam a2200253 4500 | ||
|---|---|---|---|
| 008 | 1992 | ||
| 020 | _a0102132933 | ||
| 035 | _a(Sirsi) u51094 | ||
| 041 | _aeng | ||
| 050 | _a690.241 | ||
| 110 |
_aUnited Kingdom _bNational Audit Office _91350 |
||
| 245 |
_aReport by the Comptroller and Auditor General _bprotecting and managing England's heritage property _h[electronic resource] |
||
| 260 |
_aLondon _bHMSO _c1992 |
||
| 300 | _a55p. : ill. ; 30cm. | ||
| 350 | _a8.75 | ||
| 490 |
_aHCP _v132 |
||
| 520 | _aReport deals with the results of a National Audit Office examination of the arrangements for identifying, recording and protecting properties and for controlling grants and other assistance. Also looks at the maintenance and management of properties in government care and their marketing and presentation to the public. National Audit Act 1983. | ||
| 650 | _aENGLISH HERITAGE | ||
| 650 | _aHISTORIC BUILDINGS | ||
| 651 | 4 | _aEngland 886- | |
| 690 | _aCONSERVATION | ||
| 856 | 4 | 0 |
_uhttps://www.official-documents.gov.uk/document/hc9293/hc01/0132/0132.pdf _zView this item free of charge at www.official-documents.gov.uk |
| 942 | _n0 | ||
| 999 |
_c92815 _d92815 |
||